00733nam a2200241Ia 450000100060000000300090000600800410001504000130005604000130006904100130008210000230009510000290011824500320014724500570017925000110023626000110024726000200025826000490027830000550032750000570038265000210043965000310046018094IT-RoPAU130308s9999 xx 000 0 und d aIT-RoPAU cIT-RoPAU aITALIANO aRossellini Roberto gCodice Aut. SPICS: 1870 aMessaggio di Francesco (Il) bSan Francesco D'Assisi nel Cinema dal muto al Sonoro a1a ed. aASSISI bAzienda Turismo c1982 [1° Ed.:1982 - Ed.Ling.Originale:1950] a"1 p. (prefazione: no ; testo: 1 [pagine: 59-59])" aFilm Francesco Giullare di Dio di Roberto Rossellini aSAGGI SUL CINEMA eCodice materia Spics: 6811